LEADER 01068nam a2200241 4500 001 000000359347 003 CaOOAMICUS 005 20240813093820.0 008 240813s1792 it 000 u ita r 026 $e7776 toar d.o. AlRi (3) 1792 (Q) 040 $aSeMil$bita 110 21$aPio Albergo Trivulzio .$0(OLS)http://semarc/name/120195 245 10$aRegolamento capitolarmente stabilito pel buon governo del Pio albergo Trivulzi. 264 1$c[Milano, 1792] 300 $a[4], 86, [2] p. ;$c4° 500 $aProbabilmente pubblicato a Milano nel 1792 come si desume dal contenuto dell'opera 500 $aSegn.: ?² a-l? (ultima c. bianca) 650 4$aMilano - Pio Albergo Trivulzio.$0(OLS)http://semarc/subject/17217 850 $aSeMil 852 $aSeMil$W1$xVenegono$y1$m3Z VI 7/5 FA$j250260$B250421$CSeMilBibl$Z2$F250421 $8I 996 $6245$aRegolamento capitolarmente stabilito pel buon governo del Pio albergo Trivulzi$9(OLS)http://semarc/title/449806 996 $6264$a[S.l.] :$b[s.n.]$9(OLS)http://semarc/publisher/0 LEADER 01086nam a2200265 i 4500 001 000000074745 003 CaOOAMICUS 005 20110504000000.0 008 110504s1986 it u000 u ita u 013 $a45917 020 $a88-420-2710-3 040 $aSeMil$bita 100 1 $aBroccoli, Umberto.$0(OLS)http://semarc/name/37005 245 10$aArcheologia e Medioevo :$bil punto sull'archeologia medievale italiana /$cUmberto Broccoli. 260 $aBari :$bLaterza & Figli,$c1986. 300 $aVIII, 418 p. :$bill. ;$c24 cm. 490 0 $aGrandi opere 650 4$aArcheologia.$0(OLS)http://semarc/subject/922 830 0$aGrandi opere.$0(OLS)http://semarc/title/11202 850 $aSeMil 852 $aSeMil$W1$xVenegono$y1$m3WA IV 3$j40897$B40897$CSeMilBibl$Z2$F40901 $81 961 $aAcquisto: Cittą Nuova 996 $6020$a88-420-2710-3$9(OLS)http://semarc/number/55044 996 $6245$aArcheologia e Medioevo :$bil punto sull'archeologia medievale italiana$9(OLS)http://semarc/title/121212 996 $6260$aBari :$bLaterza & Figli$9(OLS)http://semarc/publisher/29663